000
00265nam a22000977a 4500
008
230602b xxu||||| |||| 00| 0 eng d
082
_a
303.6
245
_a
Ethnic conflict management in kenya
_b
An introductory handbook for peace Building
300
_a
52p
942
_2
ddc
_c
BK
999
_c
88
_d
88